Регионална библиотека "Любен Каравелов" - Русе

Ответен удар (Запис номер 12775)

MARC детайли
000 -Лидер
Контролно поле с фиксирана дължина 01265nam a2200325 c 4500
003 - Код на организацията, давaща контролен номер
Контролно поле BLK
005 - Дата и час на последна редакция
Контролно поле 20200611093950.0
008 - Елементи от данни с фиксирана дължина
fixed length control field 180412b bul|||||r ||||||| ||bul||
010 ## - Наследен системен номер
LC control number KNG00014387000
020 ## - Международен стандартен номер на книга ISBN
Международен стандартен номер на книга ISBN 954-17-0116-7
-- издат.: Калпазанов
040 ## - Източник на каталожния запис
Идентификатор на билиотеката - собственик на записа BLK
041 ## - Код за език
Код за езика на текст/звукозапис или на отделно заглавие Български
Код за езика КДБФ Български
080 ## - УДК
Текстов определител УДК Американска литература (на САЩ)
УДК код - определител по УДК 821.111(73)
УДК определител -31
УДК - код + определител 821.111(73)-31
100 1# - Редна дума - Автор
Автор Тейлър, Чарлз Д.
Авторска отговорност първи автор
R(LIN) 246565
139 ## - Редно поле
Редна дума Тейлър, Чарлз Д.
Авторски знак Те - Т 45
245 10 - Сведения за заглавието
Заглавие Ответен удар
Подзаглавни данни Роман
Редно поле (дума) Чарлз Д. Тейлър; прев. Георги Стойчев; прев. Кирил Кирилов.
257 ## - Страна на издаване
Страна на създаване/издаване Съединени американски щати
260 ## - Област на издателските данни
-- Габрово
Име на издателя, разпространителя и проч. Калпазанов
Година на издаване 1996
Печатница В. Търново : Абагар
300 ## - Физическа характеристика
Страници 282 с.
Размери/Мащаб 20 см
380 ## - Жанр
Жанр Худож. лит.
490 1# - СЕРИИ (Колекции)
Име на серия Поредица Военен трилър
№: серия 013
500 ## - Общи забележки
Забележка Ориг. загл. Counter Strike / Charles D. Taylor.
700 1# - Други автори (авторска отговорност)
Лично име Стойчев, Георги
Автороска отговорност (Описва отношението между автора и произведението) прев.
9 (RLIN) 363573
700 1# - Други автори (авторска отговорност)
Лично име Кирилов, Кирил
Автороска отговорност (Описва отношението между автора и произведението) прев.
9 (RLIN) 364063
852 ## - Местоположение
Форматна сигнатура Цб 188895
856 4# - Електронен адрес и достъп
Електронен формат pdf - файл
Път до файла /url/
856 4# - Електронен адрес и достъп
Електронен формат pdf - файл
Път до файла /url/
942 ## - АРТИКУЛИ
Вид на библиотечния материал Книги
Скрит в OPAC Не
Koha issues (borrowed), all copies 6
944 ## - СЪЗДАВАНЕ И РЕДАКЦИЯ на ЗАПИСА
Създаване/Редакция Създаване
Дата на регистрацията/редакция 15.01.2003
Служител, извършил регистрацията/редакцията Геновева_Генчева
944 ## - СЪЗДАВАНЕ И РЕДАКЦИЯ на ЗАПИСА
Създаване/Редакция Редакция
Дата на регистрацията/редакция 15.03.2010
Служител, извършил регистрацията/редакцията
999 ## - СИСТЕМНИ КОНТРОЛНИ НОМЕРА
Koha biblionumber 12775
Koha biblioitemnumber 12775
Наличности
Код за отписване Код за изгубен артикул Източник на класификационната схема Код за повреда Коз за рестрикции Код за отдаване Артикулен № Име на библиотеката - собственик Име на библиотеката, в която се намира в момента Статус (Текущо местоположение) Дата на вписване в системата Местоположение - отдел Цена в лева Инвентарен номер Систематично азбучна сигнатура Баркод Номер на екземпляра Цена в евро Служебна бележка Служебен тип на артикула
  Не е изгубен Universal Decimal Classification Не е повреден без рестрикции ползва се в читалня 22053 Регионална библиотека "Любен Каравелов" Русе Регионална библиотека "Любен Каравелов" Русе Хранилище 2001-01-01 Хранилище 1.02 626911 Цб 188895 120000626911 1 0.52 Дост: Dp Вид: Д N: 37 Дата: 01.01.1996 Книги
Изтеглен Не е изгубен Universal Decimal Classification Не е повреден без рестрикции заемане за дома 680214 Регионална библиотека "Любен Каравелов" Русе Регионална библиотека "Любен Каравелов" Русе Заемна - подръчен фонд 2018-09-12 Заемна - подръчен фонд 17.99 120000823066 П 820(73)-31/Т 45 120000823066   9.20   Книги
Vip Innovations Ltd, Rousse, Bulgaria 2025